000 00631nam a22002057a 4500
005 20161205113321.0
010 _aENG-116720
020 _a978184845884
_c850.00
035 _aEN-100252
037 _bDBAD/PUB
082 _a382.0954
245 _aAdvanced research in commerce and management /
_cedited by Eliza Sharma [and] Jyoti Sindhu
260 _aNew Delhi
_bRegal Publications
_c2016
270 _aF-159 Rajouri Garden
_bNew Delhi
_e110027
300 _avi,161p. :
_bill
_c22cm(Hb)
500 _aIncludes index
700 _aEliza Sharma
700 _aJyoti Sindhu
942 _2ddc
_cEN
_h382.0954
_mADV
999 _c104941
_d104941